000 00500nam a2200169 i 4500
001 76563
003 ES-MaACL
007 t|
008 041004s1973 mx ||||1| spa d
100 1 _aGuilford, J. P.
_960702
245 1 0 _aSicología general /
_cJ. P. Guilford ; [traducción, Emma Sánchez].
250 _a[1ª ed., 9ª reimp.].
260 _aMéxico :
_bDiana,
_c[1973]
300 _aXIV, 560 p. :
_bil. ;
_c23 cm.
700 1 _aSánchez, Emma.
_9102358
852 _aES-MaACL
_jE-5571
_bR.89867
999 _c76563
_d76563